[Event "chess.com SpeedChess 2022"]
[Site "chess.com INT"]
[Date "2022.12.16"]
[Round "3.25"]
[White "Vachier-Lagrave, Maxime"]
[Black "Carlsen, Magnus"]
[Result "1/2-1/2"]
[WhiteTitle "GM"]
[BlackTitle "GM"]
[WhiteElo "2736"]
[BlackElo "2859"]
[WhiteFideId "623539"]
[BlackFideId "1503014"]
[EventDate "2022.11.23"]

1. e4 e5 2. Nf3 Nc6 3. Bc4 Nf6 4. d3 Bc5 5. c3 d6 6. O-O a5 7. Re1 Ba7 8. Nbd2
O-O 9. Nf1 Be6 10. Bxe6 fxe6 11. Be3 Bxe3 12. Nxe3 Qd7 13. Qc2 Nh5 14. Rad1 Rxf3
15. gxf3 Qf7 16. Qe2 Nf4 17. Qf1 Qh5 18. Ng4 Rf8 19. Kh1 Ne7 20. d4 exd4 21.
cxd4 Neg6 22. Re3 Qh4 23. Rc3 h5 24. Ne3 Nh3 25. Ng2 Nxf2+ 26. Kg1 Nh3+ 27. Kh1
Nf2+ 28. Kg1 Nh3+ 29. Kh1 Nf2+ 1/2-1/2

[Event "chess.com SpeedChess 2022"]
[Site "chess.com INT"]
[Date "2022.12.16"]
[Round "3.26"]
[White "Carlsen, Magnus"]
[Black "Vachier-Lagrave, Maxime"]
[Result "1-0"]
[WhiteTitle "GM"]
[BlackTitle "GM"]
[WhiteElo "2859"]
[BlackElo "2736"]
[WhiteFideId "1503014"]
[BlackFideId "623539"]
[EventDate "2022.11.23"]

1. Nf3 d5 2. g3 g6 3. Bg2 Bg7 4. O-O c5 5. d4 cxd4 6. Nxd4 Nf6 7. c4 O-O 8. cxd5
Nxd5 9. Nc3 Nxc3 10. bxc3 Nd7 11. Ba3 Nb6 12. Qb3 Qc7 13. Rfd1 Bd7 14. Rd3 Ba4
15. Qb4 Rfe8 16. Rc1 e5 17. Nb5 Bxb5 18. Qxb5 e4 19. Rdd1 Nc4 20. Bc5 Rac8 21.
Qxc4 Qxc5 22. Qxc5 Rxc5 23. Rd7 Rxc3 24. Rxc3 Bxc3 25. e3 b5 26. Rxa7 Re5 27.
Bf1 h5 28. Rc7 Bb4 29. Rb7 Rc5 30. Bxb5 Rc1+ 31. Kg2 Bc5 32. Ba4 f5 33. Bb3+ Kh8
34. h4 Rb1 35. Rc7 Bb4 36. Bf7 Kg7 37. Be8+ Kf6 38. Rc6+ Ke5 39. Rb6 1-0

[Event "chess.com SpeedChess 2022"]
[Site "chess.com INT"]
[Date "2022.12.16"]
[Round "3.27"]
[White "Vachier-Lagrave, Maxime"]
[Black "Carlsen, Magnus"]
[Result "0-1"]
[WhiteTitle "GM"]
[BlackTitle "GM"]
[WhiteElo "2736"]
[BlackElo "2859"]
[WhiteFideId "623539"]
[BlackFideId "1503014"]
[EventDate "2022.11.23"]

1. e4 e5 2. Bc4 Nf6 3. d3 c6 4. Nf3 d5 5. Bb3 Bb4+ 6. Bd2 Bxd2+ 7. Nbxd2 a5 8.
a3 a4 9. Ba2 Nbd7 10. O-O O-O 11. Re1 Re8 12. d4 exd4 13. exd5 c5 14. Rxe8+ Nxe8
15. Ne4 Nef6 16. Neg5 h6 17. Ne6 Qb6 18. Qe1 Qd6 19. Nd2 b5 20. Qe2 Nb6 21. Re1
fxe6 22. dxe6 c4 0-1

[Event "chess.com SpeedChess 2022"]
[Site "chess.com INT"]
[Date "2022.12.16"]
[Round "3.28"]
[White "Carlsen, Magnus"]
[Black "Vachier-Lagrave, Maxime"]
[Result "1/2-1/2"]
[WhiteTitle "GM"]
[BlackTitle "GM"]
[WhiteElo "2859"]
[BlackElo "2736"]
[WhiteFideId "1503014"]
[BlackFideId "623539"]
[EventDate "2022.11.23"]

1. Nf3 Nf6 2. g3 g6 3. Bg2 Bg7 4. O-O O-O 5. c4 c5 6. d4 cxd4 7. Nxd4 d5 8. cxd5
Nxd5 9. Nb3 Be6 10. Nd4 Bc8 11. Nb3 Nb4 12. Nc3 N8c6 13. Bf4 Be6 14. Nc5 Bf5 15.
Qxd8 Raxd8 16. Nxb7 Rc8 17. a3 Nc2 18. Rad1 Nxa3 19. Bxc6 Bxc3 20. Bd7 Bxd7 21.
Rxd7 Bxb2 22. Rxe7 Rfe8 23. Rxe8+ Rxe8 24. Rd1 Nc4 25. Rd7 Nb6 26. Rd2 Be5 27.
Bxe5 Rxe5 28. Ra2 Kg7 29. e3 Re7 30. Nd6 Rd7 31. Ne8+ Kh8 32. g4 h6 33. Nf6 Re7
34. h4 Kg7 35. g5 hxg5 36. hxg5 Nc4 37. Ra6 Ne5 38. f4 Nc4 39. Rc6 Nb6 40. Kf2
Rb7 41. Ne8+ Kf8 42. Nd6 Rd7 43. Kf3 Ke7 44. Nb5 Rb7 45. Nxa7 Rxa7 46. Rxb6 Ra4
47. Rb5 Rc4 48. Re5+ Kf8 49. Re4 Rc5 50. Rd4 Rc3 51. Ke4 Ke7 52. Rd3 Rc4+ 53.
Kf3 Ra4 54. Rc3 Rb4 55. Ra3 Rc4 56. Ra7+ Ke6 57. Ra6+ Ke7 58. Ra5 Rb4 59. Re5+
Kd6 60. Re4 Rb8 61. Rd4+ Ke6 62. Ke4 Rb5 63. Kf3 Ke7 64. Re4+ Kf8 65. Ra4 Ke7
66. Ra8 Rb4 67. Ke2 Rb3 68. Kd2 Rb2+ 69. Kd3 Rb6 70. Kd4 Rd6+ 71. Ke4 Re6+ 72.
Kf3 Rb6 73. Ra3 Rb4 74. e4 Ke6 75. Ke3 Ke7 76. Ra7+ Ke6 77. Ra6+ Ke7 78. f5 gxf5
79. exf5 Rg4 80. Ra7+ Ke8 81. Ra8+ Ke7 82. Rg8 Kd6 83. Kf3 Rg1 84. Kf4 Rf1+ 85.
Kg4 Rg1+ 86. Kf4 Rf1+ 87. Kg4 Rg1+ 88. Kh5 Rh1+ 89. Kg4 Rg1+ 1/2-1/2

[Event "chess.com SpeedChess 2022"]
[Site "chess.com INT"]
[Date "2022.12.16"]
[Round "3.29"]
[White "Vachier-Lagrave, Maxime"]
[Black "Carlsen, Magnus"]
[Result "1-0"]
[WhiteTitle "GM"]
[BlackTitle "GM"]
[WhiteElo "2736"]
[BlackElo "2859"]
[WhiteFideId "623539"]
[BlackFideId "1503014"]
[EventDate "2022.11.23"]

1. e4 e5 2. Nf3 Nc6 3. Bc4 Nf6 4. d3 Bc5 5. c3 d6 6. O-O a5 7. Re1 Ba7 8. Nbd2
O-O 9. Nf1 Be6 10. Bxe6 fxe6 11. Be3 Bxe3 12. Nxe3 Qd7 13. h3 h6 14. g3 Qf7 15.
Kg2 Nd7 16. Qe2 Qh5 17. Rad1 Rf7 18. Nh2 Qxe2 19. Rxe2 Nc5 20. f3 a4 21. d4 Nd7
22. dxe5 Ndxe5 23. f4 Nd7 24. Nf3 Nc5 25. Nc2 Nd7 26. Ncd4 Nxd4 27. cxd4 Ra5 28.
e5 Re7 29. exd6 cxd6 30. d5 e5 31. fxe5 Nxe5 32. Nxe5 dxe5 33. Kf3 Rb5 34. d6
Rd7 35. Ke4 Rd8 36. Rf2 Re8 37. a3 Rd8 38. Rd5 Rb3 39. d7 Rxg3 40. h4 Rg6 41.
Kxe5 Rc6 42. Rd6 Rc1 43. Rd4 Rc6 44. h5 b5 45. Rd5 Rc1 46. Kd6 1-0

[Event "chess.com SpeedChess 2022"]
[Site "chess.com INT"]
[Date "2022.12.16"]
[Round "3.31"]
[White "Carlsen, Magnus"]
[Black "Vachier-Lagrave, Maxime"]
[Result "1/2-1/2"]
[WhiteTitle "GM"]
[BlackTitle "GM"]
[WhiteElo "2859"]
[BlackElo "2736"]
[WhiteFideId "1503014"]
[BlackFideId "623539"]
[EventDate "2022.11.23"]

1. Nf3 Nf6 2. g3 e6 3. Bg2 d5 4. O-O c5 5. c4 d4 6. b4 cxb4 7. a3 Nc6 8. Qa4 Bd7
9. axb4 Nxb4 10. Qb3 Bc6 11. Bb2 d3 12. e3 a5 13. Ne5 Bxg2 14. Kxg2 Be7 15. Qa4+
Nd7 16. Bc3 f6 17. Bxb4 Bxb4 18. Nxd3 O-O 19. Qb5 Qc7 20. Nxb4 axb4 21. Rxa8
Rxa8 22. d4 Qc6+ 23. Qxc6 bxc6 24. Nd2 Ra2 25. Nb3 Rb2 26. Na5 c5 27. Rd1 h5 28.
Nb7 Rc2 29. Nxc5 Nxc5 30. dxc5 Rxc4 31. Rd8+ Kf7 32. Rb8 Ke7 33. Rb7+ Kd8 34. c6
Rxc6 35. Rxb4 Ke7 36. Rb7+ Kf8 37. h4 Kg8 38. Rb5 e5 39. f4 exf4 40. exf4 g6 41.
f5 Kg7 42. fxg6 Kxg6 43. Kf3 Rc3+ 44. Kf4 Rc4+ 45. Kf3 Rc3+ 46. Kg2 Rc2+ 47. Kh3
Rc3 48. Rb8 Ra3 49. Rg8+ Kf7 50. Rh8 Kg6 51. Rg8+ Kf7 52. Rb8 Kg6 53. Rb6 Rc3
54. Rb2 Ra3 55. Kg2 Rc3 56. Rf2 Ra3 57. Rf4 Rb3 58. Kh3 Ra3 59. Rc4 Rb3 60. Rc8
Ra3 61. Rg8+ 1/2-1/2

[Event "chess.com SpeedChess 2022"]
[Site "chess.com INT"]
[Date "2022.12.16"]
[Round "3.32"]
[White "Vachier-Lagrave, Maxime"]
[Black "Carlsen, Magnus"]
[Result "1/2-1/2"]
[WhiteTitle "GM"]
[BlackTitle "GM"]
[WhiteElo "2736"]
[BlackElo "2859"]
[WhiteFideId "623539"]
[BlackFideId "1503014"]
[EventDate "2022.11.23"]

1. e4 e5 2. Nf3 Nc6 3. d4 exd4 4. Nxd4 Nf6 5. Nxc6 bxc6 6. Bd3 d5 7. exd5 cxd5
8. O-O Be7 9. c4 O-O 10. cxd5 Nxd5 11. Be4 Be6 12. Qf3 c6 13. Rd1 Qb6 14. Nc3
Rad8 15. Nxd5 Bxd5 16. Bxd5 Rxd5 17. Rxd5 cxd5 18. b3 Bf6 19. Be3 Qa5 20. Rd1 d4
21. Bf4 Qxa2 22. g4 Qa5 23. Kg2 Qb5 24. Rc1 d3 25. Rd1 Rd8 26. b4 Qxb4 27. g5
Be7 28. h4 Qb5 29. Re1 Bf8 30. Re5 Qd7 31. Bd2 g6 32. h5 gxh5 33. Qxh5 Qc6+ 34.
Kg1 Bg7 35. Rf5 Qg6 36. Qf3 Qe6 37. Kg2 Qe2 38. Qf4 Qe6 39. Qf3 a6 40. Rc5 Bf8
41. Rc6 Qd5 42. Qxd5 Rxd5 43. Rxa6 Rd8 44. f4 Bg7 45. Kf3 Bc3 46. Bxc3 d2 47.
Bxd2 Rxd2 48. Ra8+ Kg7 49. f5 h6 50. gxh6+ Kxh6 51. Kf4 Kg7 52. Ra6 Rf2+ 53. Kg5
Rg2+ 54. Kf4 Rg1 55. Rb6 Rf1+ 56. Kg5 Rg1+ 57. Kf4 Ra1 58. Kg5 Rg1+ 59. Kf4 1/2-1/2

[Event "chess.com SpeedChess 2022"]
[Site "chess.com INT"]
[Date "2022.12.16"]
[Round "3.33"]
[White "Carlsen, Magnus"]
[Black "Vachier-Lagrave, Maxime"]
[Result "0-1"]
[WhiteTitle "GM"]
[BlackTitle "GM"]
[WhiteElo "2859"]
[BlackElo "2736"]
[WhiteFideId "1503014"]
[BlackFideId "623539"]
[EventDate "2022.11.23"]

1. Nf3 f5 2. d3 Nc6 3. d4 e6 4. g3 Nf6 5. Bg2 g6 6. O-O Bg7 7. c4 O-O 8. Nc3 d6
9. d5 Ne7 10. dxe6 Bxe6 11. b3 h6 12. Bb2 Bf7 13. Qc2 Nc6 14. Rad1 Qe7 15. e3
Rae8 16. a3 Ne4 17. Nd5 Bxd5 18. cxd5 Nd8 19. Bxg7 Qxg7 20. Nd4 Rf7 21. b4 h5
22. h4 g5 23. hxg5 Qxg5 24. Nf3 Qf6 25. Nh4 Rfe7 26. Rd4 Nf7 27. Qd1 Qg5 28. Qf3
Nh6 29. Qf4 Qf6 30. Rc1 Ng5 31. Rdc4 Re4 32. Rxc7 Rxf4 33. exf4 Ne4 34. Rxb7
Nxf2 35. Rcc7 Nfg4 36. Rg7+ Qxg7 37. Rxg7+ Kxg7 38. Nf3 Re3 39. a4 Ra3 40. a5
Ra1+ 41. Bf1 Ne3 42. Nd2 Nhg4 43. b5 Rxa5 44. Be2 Ra1+ 45. Nf1 Re1 46. Bd3 Kf6
47. Be2 Rxe2 48. Nxe3 Rxe3 49. Kf1 Ke7 50. Kg2 Kd8 51. Kh3 Kc7 52. Kh4 Kb6 53.
Kxh5 Kxb5 54. Kg5 a5 55. Kxf5 a4 56. Kxg4 a3 57. Kf5 a2 58. g4 a1=Q 59. g5 Qg7
60. Kg4 Qg6 61. f5 Re4+ 62. Kg3 Qxf5 63. g6 Rg4+ 64. Kh2 Qh5# 0-1

[Event "chess.com SpeedChess 2022"]
[Site "chess.com INT"]
[Date "2022.12.16"]
[Round "3.34"]
[White "Vachier-Lagrave, Maxime"]
[Black "Carlsen, Magnus"]
[Result "0-1"]
[WhiteTitle "GM"]
[BlackTitle "GM"]
[WhiteElo "2736"]
[BlackElo "2859"]
[WhiteFideId "623539"]
[BlackFideId "1503014"]
[EventDate "2022.11.23"]

1. e4 e5 2. Nf3 Nc6 3. Bb5 a6 4. Ba4 Nf6 5. O-O Be7 6. d3 b5 7. Bb3 d6 8. Nc3
O-O 9. a3 Rb8 10. h3 h6 11. Re1 Re8 12. Ne2 Bf8 13. Ng3 Be6 14. Bxe6 Rxe6 15. c3
d5 16. exd5 Qxd5 17. Be3 Rd8 18. d4 exd4 19. cxd4 Bd6 20. Ne2 Qf5 21. Rc1 Ne7
22. d5 Qxd5 23. Nfd4 Re5 24. Nc3 Qb7 25. Qc2 c5 26. Nf3 Re6 27. Red1 Re8 28. Ne2
Ned5 29. Nc3 Nxe3 30. fxe3 Bf8 0-1

[Event "chess.com SpeedChess 2022"]
[Site "chess.com INT"]
[Date "2022.12.16"]
[Round "3.35"]
[White "Carlsen, Magnus"]
[Black "Vachier-Lagrave, Maxime"]
[Result "1/2-1/2"]
[WhiteTitle "GM"]
[BlackTitle "GM"]
[WhiteElo "2859"]
[BlackElo "2736"]
[WhiteFideId "1503014"]
[BlackFideId "623539"]
[EventDate "2022.11.23"]

1. e4 e6 2. d4 d5 3. exd5 exd5 4. Nf3 Bd6 5. c4 Nf6 6. Nc3 O-O 7. cxd5 Re8+ 8.
Be2 Bg4 9. O-O Nbd7 10. h3 Bh5 11. Re1 a6 12. Bg5 h6 13. Bxf6 Nxf6 14. Ne5 Bxe2
15. Rxe2 Bb4 16. Ng4 Rxe2 17. Nxf6+ Qxf6 18. Nxe2 Rd8 19. Qb3 Bd6 20. Qxb7 Re8
21. Kf1 a5 22. Qb5 Qe7 23. Nc3 h5 24. Qe2 Qd8 25. Qxh5 Qf6 26. Re1 Rxe1+ 27.
Kxe1 Qxd4 28. Qe2 g6 29. Qd2 Qe5+ 30. Qe3 Qh2 31. g3 Qxh3 32. Ke2 Qh1 33. Ne4
Qb1 34. Nxd6 cxd6 35. Qb3 Qe4+ 36. Kf1 Qh1+ 37. Ke2 Qe4+ 38. Kf1 Qh1+ 39. Ke2
Qe4+ 1/2-1/2

[Event "chess.com SpeedChess 2022"]
[Site "chess.com INT"]
[Date "2022.12.16"]
[Round "3.36"]
[White "Vachier-Lagrave, Maxime"]
[Black "Carlsen, Magnus"]
[Result "0-1"]
[WhiteTitle "GM"]
[BlackTitle "GM"]
[WhiteElo "2736"]
[BlackElo "2859"]
[WhiteFideId "623539"]
[BlackFideId "1503014"]
[EventDate "2022.11.23"]

1. e4 e5 2. d4 exd4 3. Nf3 Nc6 4. Bc4 Nf6 5. e5 d5 6. exf6 dxc4 7. O-O gxf6 8.
Bf4 Be6 9. Re1 Qd7 10. c3 O-O-O 11. cxd4 Nxd4 12. Nc3 Rg8 13. Bg3 h5 14. Ne4 Be7
15. Nxd4 Qxd4 16. Qe2 f5 17. Nc3 h4 18. Bxc7 Qg7 0-1

[Event "chess.com SpeedChess 2022"]
[Site "chess.com INT"]
[Date "2022.12.16"]
[Round "3.37"]
[White "Carlsen, Magnus"]
[Black "Vachier-Lagrave, Maxime"]
[Result "1-0"]
[WhiteTitle "GM"]
[BlackTitle "GM"]
[WhiteElo "2859"]
[BlackElo "2736"]
[WhiteFideId "1503014"]
[BlackFideId "623539"]
[EventDate "2022.11.23"]

1. e4 c6 2. d4 d5 3. exd5 cxd5 4. Bd3 Nf6 5. h3 Nc6 6. Nf3 g6 7. O-O Bg7 8. Re1
O-O 9. c3 Qc7 10. Nbd2 Bf5 11. Bf1 Rfe8 12. Nb3 Ne4 13. Be3 Rad8 14. Nfd2 Nd6
15. Bf4 f6 16. c4 e5 17. dxe5 fxe5 18. Bg5 Rc8 19. cxd5 Nb4 20. Rc1 Qf7 21. Nc4
Ne4 22. Rxe4 Bxe4 23. Nd6 Rxc1 24. Qxc1 1-0

[Event "chess.com SpeedChess 2022"]
[Site "chess.com INT"]
[Date "2022.12.16"]
[Round "3.38"]
[White "Vachier-Lagrave, Maxime"]
[Black "Carlsen, Magnus"]
[Result "0-1"]
[WhiteTitle "GM"]
[BlackTitle "GM"]
[WhiteElo "2736"]
[BlackElo "2859"]
[WhiteFideId "623539"]
[BlackFideId "1503014"]
[EventDate "2022.11.23"]

1. d4 d5 2. c4 e6 3. Nc3 Be7 4. Nf3 Nf6 5. cxd5 exd5 6. Bf4 c6 7. e3 Bf5 8. Bd3
Bxd3 9. Qxd3 Nbd7 10. O-O O-O 11. Rab1 Nh5 12. Bg3 Nxg3 13. hxg3 a5 14. a3 Nf6
15. b4 axb4 16. axb4 Ra3 17. Qc2 g6 18. Rb3 Rxb3 19. Qxb3 Qd6 20. b5 c5 21. dxc5
Qxc5 22. Rd1 Rd8 23. Ne2 Ne4 24. Nfd4 Qc4 25. Qb2 Qb4 26. Qa2 h5 27. Rc1 Bf6 28.
f3 Nd2 29. Rc7 Nc4 30. Kf2 Re8 31. Rxb7 Nxe3 32. Qb3 Qd2 0-1